| 000 | 00634nam a2200241Ia 4500 | ||
|---|---|---|---|
| 003 | OSt | ||
| 005 | 20221005093053.0 | ||
| 006 | a|||||r|||| 00| 0 | ||
| 007 | ta | ||
| 008 | 221004b |||||||| |||| 00| 0 eng d | ||
| 024 | _a77172 | ||
| 037 | _cTextual | ||
| 040 |
_aCRL _cCRL _beng |
||
| 041 |
_2eng _aeng |
||
| 082 | _aO111,3M25,CI, A | ||
| 100 |
_aBallantyneb R. M. _9618075 |
||
| 245 | 0 | _aCoral Island | |
| 260 |
_aNew York _bThomas Nelson and sons Ltd. |
||
| 300 |
_a384p. _ccm. |
||
| 650 | _aENGLISH LITERATURE | ||
| 942 |
_hO111,3M25,CI, A _cTEXL _2cc |
||
| 999 |
_c999795 _d999795 |
||